Canzoni di Papa V - Statistics

Statistiche generali
  • Questo quiz è stato fatto 50 volte
  • Il punteggio medio è 20 su 53
Statistiche sulle risposte
Album Anno Feat Risposta % Corretto
Trap Fatta Bene 2024 Fritu, Kuremino, Nerissima Serpe Mattone
71%
Mafia Slime 2021 Nerissima Serpe, Fritu Mafia Slime
65%
Trap Fatta Bene 2024 Fritu, Artie 5ive Non la Sopporto
65%
Mafia Slime 2 2025 Nerissima Serpe, Fritu Tip Tap
65%
Gesù Bambino 2022 Fritu, Nerissima Serpe Apparecchiato
59%
Trap Fatta Bene 2024 Fritu, Tony Boy Pezzi Che Cadono
59%
Mafia Slime 2 2025 Nerissima Serpe, Fritu A Lei
53%
Trap Fatta Bene 2024 Fritu, Nerissima Serpe Responsabile
53%
Mafia Slime 2 2025 Nerissima Serpe, Fritu, Shiva, Night Skinny Wop Wop
53%
Mafia Slime 2021 Nerissima Serpe, Fritu 24 Freestyle
47%
Mafia Slime 2 2025 Nerissima Serpe, Fritu Bar Cinese
47%
Mafia Slime 2 2025 Nerissima Serpe, Fritu, Artie 5ive Samsung
47%
- 2020 - Terrorista
47%
Trap Fatta Bene 2024 Fritu Tommaso
47%
Mafia Slime 2 2025 Nerissima Serpe, Fritu, Guè, Rasty Kilo Campanello
41%
Mafia Slime 2021 Nerissima Serpe, Fritu Fratellini Della Chiesa
41%
Mafia Slime 2 2025 Nerissima Serpe, Fritu Mario & Luigi
41%
Gesù Bambino 2022 Fritu Pappone
41%
Mafia Slime 2021 Nerissima Serpe, Fritu, Villabanks Pull Up
41%
Mafia Slime 2 2025 Nerissima Serpe, Fritu, Kevin Mopao Qui Quo Qua
41%
Mafia Slime 2 2025 Nerissima Serpe, Fritu, Tony Boy Rimasugli
41%
Gesù Bambino 2022 Fritu, Astro Angelino
35%
Trap Fatta Bene 2024 Fritu Budapest
35%
Mafia Slime 2 2025 Nerissima Serpe, Fritu Bugie
35%
Trap Fatta Bene 2024 Fritu, Rasty Kilo Frank Lukas
35%
Gesù Bambino 2022 Fritu Gesù Bambino
35%
Mafia Slime 2021 Nerissima Serpe, Fritu La Lavora
35%
Mafia Slime 2 2025 Nerissima Serpe, Fritu Sex Appeal
35%
Trap Fatta Bene 2024 Fritu Walter White
35%
Mafia Slime 2021 Nerissima Serpe, Fritu XXL
35%
Gesù Bambino 2022 Fritu Al Capone
29%
Gesù Bambino 2022 Fritu Asilo Mariuccia
29%
Gesù Bambino 2022 Fritu Crack In Casa 24/7
29%
Gesù Bambino 2022 Fritu Dare Un Senso A Questa Vita
29%
Mafia Slime 2 2025 Nerissima Serpe, Fritu In Hotel
29%
Trap Fatta Bene 2024 Fritu Insieme Da Una Vita
29%
Mafia Slime 2021 Nerissima Serpe, Fritu Luna
29%
Mafia Slime 2 2025 Nerissima Serpe, Fritu Pippi Calzelunghe
29%
Trap Fatta Bene 2024 Fritu X I Ragazzini In Strada
29%
Mafia Slime 2021 Nerissima Serpe, Fritu Al Pacino Robert De Niro
24%
Mafia Slime 2021 Nerissima Serpe, Fritu Cade La Narice
24%
Mafia Slime 2 2025 Nerissima Serpe, Fritu Giugno Luglio Agosto
24%
Trap Fatta Bene 2024 Fritu Minigolf
24%
Gesù Bambino 2022 Fritu Non Siamo Simili
24%
Mafia Slime 2 2025 Nerissima Serpe, Fritu Ogni Notte
24%
Gesù Bambino 2022 Fritu Papa K
24%
- 2020 - Per non Morire Mai
24%
Gesù Bambino 2022 Fritu Popolare
24%
Mafia Slime 2 2025 Nerissima Serpe, Fritu Vito Corleone
24%
Mafia Slime 2 2025 Nerissima Serpe, Fritu Dritto al Cuore
18%
Gesù Bambino 2022 Fritu Drive By
18%
Trap Fatta Bene 2024 Fritu Franco Campanino
18%
Mafia Slime 2021 Nerissima Serpe, Fritu, Silent Bob Giusto o Sbagliato
18%
Nessun quiz corrispondente trovato
Distribuzione punteggi
Percentuale di utenti per punteggio
Percentile per numero di risposta
I tuoi punteggi nel tempo
Non hai fatto questo quiz